Vivac - 1 : naturaleza y sociedad

Gespeichert in:
Bibliographische Detailangaben
Weitere Verfasser: Benedito Antolí, Vicente
Format: Buch
Sprache:Spanisch
Erschienen: Barcelona : Vicens Vives, 1976
Katalog:MANES:  Suchergebnis im Bibliothekskatalog
Schulbuchspezifische Eigenschaften:
Tags: Tag hinzufügen
Keine Tags, Fügen Sie den ersten Tag hinzu!
Hinzugefügt zu:16.06.2005
Geändert in:07.05.2025

MARC

LEADER 00000nam a2200000 a 4500
001 .b3346065
003 ES-BaCBU
005 20250507130140.0
008 050617s1976 spca b|l 001 ||spa|c
017 |a DL B. 22976-1976 
020 |a 8431620668 
035 |a 8431620668  |9 ES-BaUB001  |a 0883-71860  |9 ES-BaUB035 
040 |a ES-BaUB  |b cat  |c ES-BaUB 
245 0 0 |a Vivac - 1 :  |b naturaleza y sociedad /  |c Vicente Benedito ... [et al.] 
260 |a Barcelona :  |b Vicens Vives,  |c 1976 
300 |a 160 p.:  |b il. col. 
504 |a índex 
546 |a España 
561 |5 es-CRAI  |3 p1 TX EGB 6/1 VIC  |a España. Biblioteca Universitat de Barcelona  |k MANES 
690 0 |a CN  |a CS 
691 0 |a PRI 
700 1 |a Benedito Antolí, Vicente  |9 33399 
856 |y Registro en Cercabib - CRAI 
942 |2 ddc  |c BK 
999 |c 89979  |d 89979 
999 |c manes:89979  |d 89979